| 000 | 00516nam a2200181Ia 4500 | ||
|---|---|---|---|
| 005 | 20250423095601.0 | ||
| 008 | 250422s9999 xx 000 0 und d | ||
| 020 | _a9788131201350 | ||
| 050 | _aQA 76.9.C643 .B47/ | ||
| 100 | _aBerger, Arnold S. | ||
| 245 | 0 | _aHardware and computer organization : the software perspective | |
| 260 | _aUnited Kingdom | ||
| 260 | _bElsevier | ||
| 260 | _c2005 | ||
| 300 | _a492 p | ||
| 650 | _aComputer organization. Computer engineering. Computer interfaces. | ||
| 942 | _cBK | ||
| 999 |
_c30719 _d30719 |
||